00422nam a22001337a 4500020001800000082001400018100002900032245003600061260004200097650001600139942000700155952010900162999001700271 a9788189267940 a305.8 MIS aMisra P.D.aBeena Misra  aSocial work profession in India aLucknowbNew Royal Book Companyc2015 asocial work cBK 00104070aHMIbHMIcGENd2016-01-19eflipkartg700.00l0o305.8 MISp25007r2016-01-19w2026-01-16yBK c19937d19937